Élimination par catégorie - Villes de France n°4 - Statistiques

Statistiques générales
  • Ce quiz a été pris 511 fois
  • Le résultat moyen est 10 sur 20
Statistiques - réponses
Groupe # Catégorie % Correct
Violet 30 Ville de plus de 50 000 habitants où il pleut le plus en France
81%
Violet 25 ... qui n'est pas située en Bretagne
74%
Vert 16 Est une des 16 plus grande ville d'Auvergne-Rhône-Alpes sans être une préfécture
72%
Orange 23 Fait partie des sous-préféctures de les plus peuplées de France
68%
Orange 17 ... mais ne se situe pas en Île-de-France
63%
Bleu 16 Ville française ayant une ville avec un club en Pro D2 pour la saison 24-25
61%
Orange 5 ... en Région Bretagne ou Hauts-de-France
58%
Bleu 12 ... pas en Nouvelle-Aquitaine
54%
Vert 12 ...qui ne commence pas par la lettre V
53%
Orange 2 ...des liaisons pour aller à Douvres existent en Ferry
51%
Orange 1 ... étant la Ville la moins peuplée des deux Calais
46%
Violet 7 ... et ne contient pas la lettre -E
45%
Vert 6 ... et n'est pas une commune de périphérie d'un pôle urbain
43%
Bleu 3 ... à moins de 30km de la Mer ou de l'Océan
41%
Bleu 2 ... située en PACA
38%
Violet 4 ... située dans la partie Nord/Nord-Est de la France
38%
Violet 1 ... sa place centrale est la Place Stanislas, considérée comme l'une des plus belles de France Nancy
35%
Bleu 1 ... ville où la spécialité est la Socca ou encore la Pissaladière Nice
35%
Vert 4 ... contient la lettre M
31%
Vert 1 ... spécialisée dans le nougat Montélimar
28%
Aucun quiz correspondant
Distribution des résultats
% des personnes avec chaque résultat
Percentile par nombre de réponses
Votre historique - résultats
Vous n’avez pas pris ce quiz